000 00329nam a2200133 i 4500
001 bg
100 1 _aPIASECKI, Władysław
245 0 _aZwięzły wstęp do bibliotekarstwa /
_cWładysław Piasecki.
260 _aKraków,
_c1968.
040 _cBPK
041 _apol
942 _cKS
008 s pl f |000 0 pol
999 _c16855
_d16855
856 _uhttp://koha.tu.koszalin.pl/cgi-bin/koha/opac-detail.pl?biblionumber=16855
_yKatalog online BPK